Statistics for Runaway - Linkin Park (Lyrics)

Click here to take the quiz!

General Stats

  • This quiz has been taken 17 times
  • The average score is 47 of 51

Answer Stats

Lyrics% Correct
And open up my {mind}
100%
And open up my {mind}
100%
And open up my {mind}
100%
Instead of {wondering} why
100%
Instead of {wondering} why
100%
Instead of {wondering} why
100%
I wanna know the {answers}
100%
I wanna know the {answers}
100%
I wanna know the {answers}
100%
I wanna know the {truth}
100%
I wanna know the {truth}
100%
I wanna know the {truth}
100%
I wanna {run away}
100%
I wanna {run away}
100%
I wanna {run away}
100%
I wanna shut the {door}
100%
I wanna shut the {door}
100%
I wanna shut the {door}
100%
Never say {goodbye}
100%
Never say {goodbye}
100%
Never say {goodbye}
100%
No more {lies}
100%
No more {lies}
100%
No more {lies}
100%
On top of {broken} trust
100%
Under the sky of {dust}
100%
Another {wave} of tension
92%
Gonna {run} away, gonna {run} away (2x)
92%
Gonna {run} away, gonna {run} away (2x)
92%
Gonna {run} away, gonna {run} away (4x)
92%
Guilty by {association}
92%
Guilty by {association}
92%
I learned were never {true}
92%
I'm gonna {run} away, and never say {goodbye}
92%
I'm gonna {run} away and open up my {mind}
92%
I wanna {run} away and open up my {mind} (4x)
92%
Now I find myself in {question}
92%
Now I find myself in {question}
92%
The {lessons} that you taught me
92%
These words were never {true}
92%
(They point the {finger} at me again)
92%
(They point the {finger} at me again)
92%
Under a {sky} of dust
92%
(You point the {finger} at me again)
92%
(You point the {finger} at me again)
92%
I'm gonna {run} away and never {wonder} why
85%
A {constant} wave of {tension}
69%
All my talk of taking {action}
69%
Has more than {filled} me up
69%
Graffiti {decorations}
62%
{Paper} bags and angry {voices}
38%

Score Distribution

Percentile by Number Answered

Percent of People with Each Score

Your Score History

You have not taken this quiz